Trouvez le département de naissance de ces personnalités #3 - Statistiques

Statistiques générales
  • Ce quiz a été pris 16 fois
  • Le résultat moyen est 8 sur 15
Statistiques - réponses
Personnalités Département % Correct
Didier Deschamps, François Bayrou Pyrénées-Atlantiques
92%
François Mitterrand, François Ravaillac Charente
77%
Giuseppe Garibaldi, André Masséna Alpes-Maritimes
69%
Paul Verlaine, Patricia Kaas Moselle
69%
Eugène Poubelle, Guillaume le Conquérant Calvados
62%
Francis Cabrel, Armand Fallières Lot-et-Garonne
62%
Charlotte Corday, Orelsan Orne
62%
Charles VII, Jacques Cœur Cher
54%
Auguste Bartholdi, Alfred Dreyfus Haut-Rhin
54%
Montesquieu, José Bové Gironde
46%
Maximilien Robespierre, Philippe Pétain Pas-de-Calais
46%
Franck Dubosc, Pierre Corneille Seine-Maritime
38%
René Guénon, Louis XII Loir-et-Cher
31%
Marc Guillaume Alexis Vadier, Fabien Barthez Ariège
23%
Olivier Giroud, Alain Soral Savoie
15%
Aucun quiz correspondant
Distribution des résultats
% des personnes avec chaque résultat
Percentile par nombre de réponses
Votre historique - résultats
Vous n’avez pas pris ce quiz